BISWAR PREKHYAPATAT SIKHYA (Education in World Perspective) BA-Political Science--6th Semester--13th Paper) (Record no. 19992)
[ view plain ]
| 000 -LEADER | |
|---|---|
| fixed length control field | 00521cam a2200193ua 4500 |
| 008 - FIXED-LENGTH DATA ELEMENTS--GENERAL INFORMATION | |
| fixed length control field | 191120n II |||gr||||Z||||||asm |
| 040 ## - CATALOGING SOURCE | |
| Original cataloging agency | MAIN |
| 041 ## - LANGUAGE CODE | |
| -- | English |
| 041 ## - LANGUAGE CODE | |
| -- | asm |
| 082 ## - DEWEY DECIMAL CLASSIFICATION NUMBER | |
| Classification number | 370 HAZ |
| 100 ## - MAIN ENTRY--PERSONAL NAME | |
| Personal name | HAZARIKA, DULUMONI GOGOI. |
| 245 ## - TITLE STATEMENT | |
| Title | BISWAR PREKHYAPATAT SIKHYA (Education in World Perspective) BA-Political Science--6th Semester--13th Paper) |
| 250 ## - EDITION STATEMENT | |
| Edition statement | 1ST. |
| 260 ## - PUBLICATION, DISTRIBUTION, ETC. | |
| Place of publication, distribution, etc. | DHEMAJI |
| Name of publisher, distributor, etc. | KIRAN PRAKASHAN |
| Date of publication, distribution, etc. | 2014. |
| 300 ## - PHYSICAL DESCRIPTION | |
| Extent | 294: |
| Dimensions | 22CM. |
| 942 ## - ADDED ENTRY ELEMENTS (KOHA) | |
| Koha item type | Books |
| 653 ## - INDEX TERM--UNCONTROLLED | |
| Uncontrolled term | Education |
| Withdrawn status | Lost status | Damaged status | Not for loan | Collection code | Home library | Current library | Shelving location | Date acquired | Full call number | Barcode | Date last seen | Copy number | Price effective from | Koha item type | Source of classification or shelving scheme | Cost, normal purchase price | Total Checkouts | Total Renewals | Date last checked out | Public note | Date due |
|---|---|---|---|---|---|---|---|---|---|---|---|---|---|---|---|---|---|---|---|---|---|
| REFPSC | Central Library and Information Centre Sibsagar Girls College | Central Library and Information Centre Sibsagar Girls College | Education Reck | 21.01.2014 | 370 HAZ | 30527 | 27.02.2020 | 1 | 27.02.2020 | Books | |||||||||||
| TBEDU | Central Library and Information Centre Sibsagar Girls College | Central Library and Information Centre Sibsagar Girls College | EDUCATION BOOK RACK | 21.01.2014 | 370 HAZ | 30528 | 26.11.2024 | 2 | 27.02.2020 | Books | Dewey Decimal Classification | 270.00 | 9 | 1 | 18.11.2024 | V | |||||
| REFPSC | Central Library and Information Centre Sibsagar Girls College | Central Library and Information Centre Sibsagar Girls College | Education Reck | 21.01.2014 | 370 HAZ | 30529 | 22.09.2022 | 3 | 27.02.2020 | Books | 3 | 22.09.2022 | 10.10.2022 | ||||||||
| TBEDU | Central Library and Information Centre Sibsagar Girls College | Central Library and Information Centre Sibsagar Girls College | EDUCATION BOOK RACK | 21.01.2014 | 370 HAZ | 30530 | 11.08.2023 | 4 | 27.02.2020 | Books | 8 | 11.08.2023 | V | 11.09.2023 | |||||||
| TBEDU | Central Library and Information Centre Sibsagar Girls College | Central Library and Information Centre Sibsagar Girls College | EDUCATION BOOK RACK | 21.01.2014 | 370 HAZ | 30531 | 26.11.2024 | 5 | 27.02.2020 | Books | 12 | 09.10.2024 | V |